[Event "Krakow op-A 19th"]
[Site "Krakow"]
[Date "2008.12.31"]
[Round "6"]
[White "Brokken, Dennis"]
[Black "Kielczewski, Krzysztof"]
[Result "0-1"]
[WhiteElo "2306"]
[BlackElo "2185"]
[PlyCount "133"]
[EventDate "2008.12.26"]
[EventType "swiss"]
[EventRounds "9"]
[EventCountry "POL"]
[SourceTitle "CBM 128 Extra"]
[Source "ChessBase"]
[SourceDate "2009.03.05"]
[SourceVersion "2"]
[SourceVersionDate "2009.03.25"]
[SourceQuality "1"]

1. d4 d6 2. Nf3 g6 3. c4 Bg7 4. Nc3 e5 5. dxe5 dxe5 6. Qxd8+ Kxd8 7. Bg5+ f6 8. 0-0-0+ Ke8 9. Be3 c6 10. Ne4 Bf8 11. Nd6+ Bxd6 12. Rxd6 Nd7 13. g3 Ke7 14. c5 Nf8 15. Bg2 Be6 16. Kb1 h5 17. Bd2 Nh6 18. e4 Ng4 19. Be1 Nd7 20. h3 Nh6 21. Bb4 a5 22. Ba3 g5 23. Rhd1 Nf7 24. R6d2 h4 25. Ne1 g4 26. hxg4 h3 27. Bh1 Bxg4 28. f3 Be6 29. Nc2 Rag8 30. g4 Rd8 31. Ne3 Nb8 32. Nd5+ Bxd5 33. exd5 Rxd5 34. Rxd5 cxd5 35. c6+ Ke6 36. cxb7 Nd8 37. f4 e4 38. f5+ Ke5 39. b3 Kf4 40. Bd6+ Kxg4 41. Bxb8 Nxb7 42. Bc7 Rc8 43. Bb6 Rc6 44. Be3 Rd6 45. Rf1 Rc6 46. a3 Rc3 47. Bd4 Rxb3+ 48. Kc2 Rd3 49. Bxf6 Nd6 50. Be5 Nxf5 51. Rg1+ Ng3 52. a4 Kh4 53. Bc7 Nxh1 54. Rxh1 Ra3 55. Bxa5 Rxa4 56. Be1+ Kg4 57. Rg1+ Kf3 58. Rg3+ Ke2 59. Bc3 d4 60. Rxh3 Rc4 61. Rh2+ Kf3 62. Rh3+ Kg4 63. Rh6 Rxc3+ 64. Kd2 e3+ 65. Kd1 d3 66. Rg6+ Kf4 67. Rg8 0-1

[Event "Krakow op-A 19th"]
[Site "Krakow"]
[Date "2008.12.29"]
[Round "3"]
[White "Sharapov, Evgeny"]
[Black "Brokken, Dennis"]
[Result "1-0"]
[WhiteElo "2427"]
[BlackElo "2306"]
[PlyCount "75"]
[EventDate "2008.12.26"]
[EventType "swiss"]
[EventRounds "9"]
[EventCountry "POL"]
[SourceTitle "CBM 128 Extra"]
[Source "ChessBase"]
[SourceDate "2009.03.05"]
[SourceVersion "2"]
[SourceVersionDate "2009.03.25"]
[SourceQuality "1"]

1. e4 e6 2. d4 d5 3. Nc3 Bb4 4. e5 c5 5. a3 Bxc3+ 6. bxc3 Ne7 7. Nf3 Nbc6 8. a4 Qa5 9. Bd2 Bd7 10. Be2 c4 11. Ng5 h6 12. Nh3 0-0-0 13. Nf4 f6 14. exf6 gxf6 15. Bg4 e5 16. Nh5 f5 17. Bh3 e4 18. 0-0 Ng6 19. Nf6 Be6 20. f3 e3 21. Qe2 exd2 22. Qxe6+ Kb8 23. Qe3 Qc7 24. Nh5 Qf7 25. Nf4 Qe7 26. Qxe7 Ncxe7 27. Nxg6 Nxg6 28. g3 f4 29. Rad1 Rhe8 30. Bf5 Rd6 31. Rxd2 Re3 32. Kf2 Rxc3 33. Re1 Rf6 34. Bg4 Kc7 35. Rde2 Ra3 36. Re6 Rxe6 37. Rxe6 Nf8 38. Rf6 1-0